| 000 | 00379 a2200133 4500 | ||
|---|---|---|---|
| 999 |
_c117351 _d117351 |
||
| 005 | 20220119123852.0 | ||
| 008 | 200313b ||||| |||| 00| 0 eng d | ||
| 040 | _cPK-LaUMT | ||
| 082 |
_a348.5491026 _bCIV- |
||
| 245 |
_aCivil law cases [CLC, 2019, vol. XLI] / _cedited by Muhammad Anwar Khokhar |
||
| 260 |
_aLahore: _bPLD Publishers, _c2019 |
||
| 300 | _a3 vol. | ||
| 942 | _cLPJ | ||